Minicursos do SBSeg 2007 (Record no. 142960)
[ view plain ]
| 000 -LÍDER | |
|---|---|
| campo de controle de tamanho fixo | 00599 a2200169 4500 |
| 001 - NÚMERO DE CONTROLE | |
| campo de controle | 142960 |
| 040 ## - FONTE DA CATALOGAÇÃO | |
| Instituição que transcreveu o registro | Leonardo Da Vinci |
| 041 ## - CÓDIGO DE IDIOMA | |
| Código do idioma do texto/trilha sonora ou título diferente | Português |
| 082 ## - CDD - CLASSIFICAÇÃO DECIMAL DE DEWEY | |
| Número de Classificação | 005.8 S621s |
| Número do exemplar | S621s |
| 111 ## - ENTRADA PRINCIPAL--NOME DO EVENTO | |
| Nome do evento ou lugar | Simpósio Brasileiro em Segurança da Informação e de Sistemas<br/>Computacionais |
| 245 ## - TÍTULO | |
| Título | Minicursos do SBSeg 2007 |
| 260 ## - PUBLICAÇÃO, DISTRIBUIÇÃO, ETC. | |
| Nome do editor, distribuidor, etc. | UFRJ; NCE |
| Data da publicação, distribuição, etc. | 2005 |
| Local de publicação, distribuição, etc. | Rio de Janeiro |
| 362 ## - DATAS DE PUBLICAÇÃO E/OU DESIGNAÇÃO SEQUENCIAL | |
| Datas de publicação e/ou designação sequencial | 20050000 |
| 697 ## - ENTRADA DE ASSUNTO LOCAL--ENTIDADE COLETIVA (RLIN) | |
| Nome corporativo ou nome da jurisdição | Sistemas de informação |
| -- | Congresso |
| -- | Ciências da computação |
| -- | Medidas de segurança |
| -- | Minicursos |
| -- | Informática |
| -- | FIPEN/IPPG |
| 711 ## - ENTRADA ADICIONADA - NOME DA REUNIÃO | |
| Data do evento ou assinatura do tratado | (7. : 27-31 ago. 2007 Rio de Janeiro, RJ) |
| 942 ## - ELEMENTOS DE ENTRADA ADICIONADOS (KOHA) | |
| Tipo de material Koha | Livros |
| Situação do descarte | Situação das perdas | Situação física | Não pode ser emprestado | Biblioteca de origem | Biblioteca atual | Data de aquisição | Total de empréstimos | Número de chamada completo | Código de barras | Data de último acesso | Data do preço efetivo | Tipo de material Koha |
|---|---|---|---|---|---|---|---|---|---|---|---|---|
| Leonardo Da Vinci - Osasco | Leonardo Da Vinci - Osasco | 27/03/2024 | 005.8 S621s | O010337 | 27/03/2024 | 27/03/2024 | Livros |